000 00428nam a2200157Ia 4500
005 20250311150015.0
008 231217s9999 xx 000 0 und d
020 _a9788120313804
082 _a001.642 SIN;25
100 _aSinha, Pradeep K
245 0 _aDistributed operating systems : concepts and design
260 _c2007
_bPHI
_aNew Delhi
300 _axix+743
650 _aDistributed,operating,systems
942 _cAA
999 _c179830
_d179830